|
|
|
|
| LEADER |
00872cam a2200289 7i4500 |
| 001 |
0000072825 |
| 005 |
20250207090000.0 |
| 008 |
250207q2023 my o e may## |
| 020 |
# |
# |
|a 9789672440284
|
| 040 |
# |
# |
|a INTS
|
| 082 |
0 |
4 |
|a 649.1
|
| 090 |
0 |
0 |
|a 649.1
|b TAU
|
| 100 |
0 |
# |
|a Taufiq Razif
|e author.
|
| 245 |
1 |
0 |
|a 100 SOLUSI PARENTING :
|b FORMULA MUDAH & SENANG UNTUK DIDIK ANAK /
|c TAUFIQ RAZIF.
|
| 264 |
# |
4 |
|c ??A♭
|
| 264 |
# |
1 |
|a Seri kembangan, Selangor
|b Firdaus Press Publications
|c 2023
|
| 300 |
# |
# |
|a 158 pages:
|b colour photographs;
|c 21 cm.
|
| 336 |
# |
# |
|a text
|2 rdacontent
|
| 337 |
# |
# |
|a unmediated
|2 rdamedia
|
| 338 |
# |
# |
|a volume
|2 rdacarrier
|
| 583 |
# |
# |
|a LULUS
|
| 650 |
1 |
0 |
|a Parenting
|
| 650 |
2 |
0 |
|a Parent-adult child relations
|
| 650 |
2 |
0 |
|a Parent and child
|
| 997 |
# |
# |
|a INTS
|
| 998 |
# |
# |
|a 6000007512
|
| 999 |
|
|
|a 6000007512
|b BOOK
|c Main Non-Fiction
|e INTAN Sabah
|